| 000 | 00489nam a22001817a 4500 | ||
|---|---|---|---|
| 999 |
_c189838 _d189838 |
||
| 005 | 20220713154046.0 | ||
| 010 | _aENG-133531 | ||
| 020 |
_a9789390590261 _c395.00 |
||
| 035 | _aEN-117063 | ||
| 037 | _bDBAD/PUB | ||
| 082 | _aN | ||
| 100 | _aSutherland, Tui T. | ||
| 245 |
_aWings of fire: _bLegends:Darkstalkar/ _cby Tui T. Sutherland |
||
| 260 |
_aNew York _bScholastic _c2021 |
||
| 270 |
_a557 Broadway, _bNew York _e10012 |
||
| 300 |
_a366p. _c20cm(pbk) |
||
| 942 |
_2ddc _cEN _mSUT _hN |
||